Stability techniques for continuous linear systems / (Record no. 1470)

MARC details
000 -LEADER
fixed length control field 00548cam a2200181 4500
001 - CONTROL NUMBER
control field 1909
005 - DATE AND TIME OF LATEST TRANSACTION
control field 20181127164217.0
008 - FIXED-LENGTH DATA ELEMENTS--GENERAL INFORMATION
fixed length control field 730105s1967 xx 000 0 eng
010 ## - LIBRARY OF CONGRESS CONTROL NUMBER
LC control number 67028237
100 1# - MAIN ENTRY--PERSONAL NAME
Personal name Krall, Allan M.
245 10 - TITLE STATEMENT
Title Stability techniques for continuous linear systems /
Statement of responsibility, etc. Allan M. Krall.
260 ## - PUBLICATION, DISTRIBUTION, ETC.
Place of publication, distribution, etc. New York :
Name of publisher, distributor, etc. Gordon and Breach,
Date of publication, distribution, etc. 1967.
300 ## - PHYSICAL DESCRIPTION
Extent 150 p.
440 #0 - SERIES STATEMENT/ADDED ENTRY--TITLE
Title Notes on mathematics and its applications.
504 ## - BIBLIOGRAPHY, ETC. NOTE
Bibliography, etc. note Includes bibliographies.
650 #0 - SUBJECT ADDED ENTRY--TOPICAL TERM
Topical term or geographic name entry element Differential equations, Linear.
Topical term or geographic name entry element Stability.
Holdings
Withdrawn status Lost status Source of classification or shelving scheme Damaged status Not for loan Collection code Home library Current library Shelving location Serial Enumeration / chronology Inventory number Total Checkouts Full call number Barcode Date last seen Price effective from Koha item type
    Dewey Decimal Classification     Main TEST RTC Library RTC Library Main opac 1008   515.35 KRA 30003303 27/11/2018 27/11/2018 Main
Royal Thimphu College || All Right Reserved